| 000 | 01435nam0a2200361 4500 | ||
|---|---|---|---|
| 001 | RU\NLR\bibl\1503016 | ||
| 005 | 20260406105804.0 | ||
| 010 |
_a978-5-373-03066-3 _94500 |
||
| 021 |
_aRU _b2010-18318 _91230 |
||
| 021 |
_aRU _b2012-31745 _92356 |
||
| 035 | _a(nilc)RSL-KNO-004596196 | ||
| 035 | _a(NLR Aleph) 001494460 | ||
| 090 |
_a1779943 _c1779943 |
||
| 100 | _a20100312d2010 |||y0rusy50 ca | ||
| 101 | 0 | _arus | |
| 102 | _aRU | ||
| 105 | _ay ||||||||| | ||
| 200 | 1 |
_aЛучшие рецепты русской кухни _f[Е. А. Каминская, Ю. А. Матюхина] |
|
| 210 |
_aМосква _cОЛМА Медиа Групп _d2010 |
||
| 215 |
_a381, [2] с. _d15 |
||
| 225 | 1 | _aПроверено вкусом | |
| 606 | 1 |
_aРусская кухня _92085292 _3RU\NLR\auth\661261407 |
|
| 610 | 0 | _aПищевые производства -- Общественное питание. Кулинария -- Домашняя кулинария. Поваренные книги -- Русская кухня | |
| 686 |
_aЛ997(2Р),0 _2rubbk |
||
| 686 | _aЛ997(2)Русская | ||
| 702 | 1 |
_4220 _8rus _7ca _aКаминская _bЕ. А. _cпопуляризатор _gЕлена Анатольевна _3RU\NLR\auth\77103371 _986297 |
|
| 801 | 0 |
_aRU _bРГБ _c20100312 _grcr |
|
| 801 | 1 |
_aRU _bРГБ _c20100312 |
|
| 801 | 2 |
_aRU _bNLR _c20100422 _grcr |
|
| 830 | _aпо кн | ||
| 942 | _cBOOK | ||
| 980 | _aNB | ||